000 01342nam a2200277Ia 4500
003 OSt
005 20201027130746.0
008 191128s2004 ck gr 000 0 spa d
020 _a9589742920
040 _aCO-JMCR
_cCO-JMCR
041 0 _aspa
082 0 4 _a332.10681/
_bS237a
_223
100 1 _aSantos Mera, Jaime Eduardo ,
_eautor
_912037
245 1 3 _aEl administrador de instituciones financieras :
_btreinta casos para decisión /
_cJaime Eduardo Santos Mera, Mauricio Ortíz Lora
260 _aBogotá :
_bColegio de Estudios Superiores de Administración,
_c2004.
300 _a97 páginas ;
_c28 cm.
490 _aCorporate governance Cesa-Incolda ;
_v4
500 _aIncluye datos biográficos de los autores.
505 0 _aMetodología -- Caso modelo -- Los seguros el día después -- Juntas directivas -- Tercerización de servicios -- El conocimiento del empleado -- Llega un cliente suplantado -- Conductas abusivas en el mercado de los valores -- Café internet -- Información
520 0 _aLos casos presentados en esta obra permite aplicar diferentes técnicas para la toma de decisiones
650 2 4 _aToma de decisiones
_9283
650 2 4 _aFinanzas corporativas
_912038
650 2 4 _aAdministración de instituciones financieras
_912039
700 1 _aOrtíz Lora, Mauricio,
_eautor
_912040
942 _2ddc
_cBK
999 _c6112
_d6112